[Event "2nd Bundesliga West 2005-6"]
[Site "Austria AUT"]
[Date "2005.12.04"]
[Round "5"]
[White "Jedinger,A"]
[Black "Kroell,J"]
[Result "0-1"]
[WhiteElo "2128"]
[BlackElo "2191"]

1.e4 g6 2.d4 Bg7 3.Nc3 d6 4.Be3 Nd7 5.Qd2 e6 6.Nf3 h6 7.Bd3 Ne7 8.g4 a6 9.Ne2 b5
10.Ng3 Bb7 11.O-O f5 12.gxf5 gxf5 13.Qe2 O-O 14.exf5 Nxf5 15.Bxf5 exf5 16.Bf4 Qf6
17.Rae1 Rae8 18.Qd1 Nb6 19.c3 Re4 20.Bc1 Rxe1 21.Rxe1 f4 22.Nf1 Qg6+ 23.Kh1 Qh5
24.Nd2 Nc4 25.Ne4 Re8 26.Qd3 Ne3 27.Ne5 Rxe5 28.Rxe3 fxe3 29.dxe5 Qf3+  0-1

[Event "IX Mirko Srajber mem"]
[Site "Subotica SCG"]
[Date "2005.12.05"]
[Round "5"]
[White "Stojanovic,Da"]
[Black "Czebe,A"]
[Result "1-0"]
[WhiteElo "2459"]
[BlackElo "2497"]

1.e4 g6 2.d4 Bg7 3.Nc3 d6 4.Be3 a6 5.Nf3 b5 6.Bd3 Bb7 7.a4 b4 8.Ne2 Nf6 9.Ng3 c5
10.c3 O-O 11.O-O a5 12.h3 c4 13.Bxc4 Nxe4 14.Nxe4 Bxe4 15.Nd2 Bb7 16.Re1 bxc3
17.bxc3 Qc7 18.Qb3 Nd7 19.Rab1 Rab8 20.Bb5 Rfc8 21.c4 e5 22.d5 Nc5 23.Qa3 Rd8
24.Nb3 Nd3 25.Re2 Bc8 26.Bd2 Nf4 27.Ree1 Ra8 28.Bc6 Ra7 29.Be3 Bf5 30.Bxa7 Qxa7
31.Rbd1 Bd3 32.c5 Bf8 33.Qb2 Rb8 34.Qc3 e4 35.Bb5 Bg7 36.Qxa5 Qxa5 37.Nxa5 Bxb5
38.axb5 Rxb5 39.cxd6 Rxa5 40.Rxe4 Bf6  1-0

[Event "FSGMB December"]
[Site "Budapest HUN"]
[Date "2005.12.13"]
[Round "11"]
[White "Nemeth,Mi1"]
[Black "Vajda,L"]
[Result "1/2-1/2"]
[WhiteElo "2378"]
[BlackElo "2547"]

1.e4 g6 2.d4 Bg7 3.Nc3 d6 4.Nf3 Nf6 5.Be2 O-O 6.O-O Nc6 7.h3 e5 8.dxe5 Nxe5
9.Nxe5 dxe5 10.Qxd8 Rxd8 11.Be3 b6 12.Rfd1 Bb7 13.f3 Ne8 14.Kf2 Bf8 15.a4 f5
16.exf5 gxf5 17.f4 Bd6 18.Bf3 exf4 19.Bxb7 fxe3+ 20.Kxe3 Rab8 21.Bc6 Be5
22.Rxd8 Rxd8 23.Rd1 Nd6 24.Kf3 Kg7  1/2-1/2

[Event "5th Amplico AIG Life"]
[Site "Warsaw POL"]
[Date "2005.12.17"]
[Round "5"]
[White "Mista,A"]
[Black "Kiseleva,N"]
[Result "1-0"]
[WhiteElo "2479"]
[BlackElo "2302"]

1.e4 g6 2.d4 Bg7 3.Nc3 d6 4.f4 a6 5.Nf3 b5 6.Bd3 Bb7 7.O-O Nd7 8.e5 e6 9.a4 b4
10.Ne4 Ne7 11.Qe1 a5 12.c3 d5 13.Nf2 Nc6 14.Bb5 Qe7 15.Nd3 O-O 16.cxb4 axb4
17.Bd2 Rfc8 18.Rc1 Ncb8 19.Bxb4 Qd8 20.Ba5 Bf8 21.Rf2 Rxa5 22.Qxa5 c6 23.Qxd8 Rxd8
24.Nc5  1-0

[Event "5th Amplico AIG Life"]
[Site "Warsaw POL"]
[Date "2005.12.17"]
[Round "5"]
[White "Romanov,E"]
[Black "Dlugosz,J"]
[Result "1-0"]
[WhiteElo "2479"]
[BlackElo "2303"]

1.e4 g6 2.d4 Bg7 3.Nc3 d6 4.Nf3 Nf6 5.Be2 O-O 6.O-O c5 7.Bg5 cxd4 8.Nxd4 Nc6
9.Nb3 a5 10.a4 Be6 11.Kh1 Rc8 12.f4 Nb4 13.Nd2 Qd7 14.Bb5 Qc7 15.f5 Bd7 16.Bc4 Bc6
17.Bb3 Na6 18.Qe1 Nc5 19.Ba2 d5 20.exd5 Bxa4 21.fxg6 hxg6 22.Nc4 Rcd8 23.d6 Rxd6
24.Nxd6 Qxd6 25.Nxa4 Nxa4 26.Bxf7+ Rxf7 27.Rxa4 b6 28.Bxf6 Rxf6 29.Rxf6 Qxf6
30.b3 e5 31.h3 Bh6 32.Rc4 Bf8 33.Qe2 Bc5 34.Re4 Bd6 35.Qf3 Qg5 36.Kh2 Kg7
37.h4 Qf5 38.Qxf5 gxf5 39.Re2 e4+ 40.g3 Kf6 41.c4 Ke5 42.Rd2 Bc5 43.Rd5+ Kf6
44.Kg2 Ke6 45.Rd1 Kf6 46.Rh1 Be3 47.Re1  1-0

[Event "5th Amplico AIG Life"]
[Site "Warsaw POL"]
[Date "2005.12.17"]
[Round "7"]
[White "Romanov,E"]
[Black "Petran,Pe"]
[Result "1/2-1/2"]
[WhiteElo "2479"]
[BlackElo "2342"]

1.e4 g6 2.d4 Bg7 3.Nc3 d6 4.Be3 c6 5.Qd2 b5 6.Bd3 Nd7 7.Nf3 a6 8.a4 Bb7 9.O-O e5
10.axb5 cxb5 11.Nd5 Bxd5 12.exd5 Ngf6 13.dxe5 dxe5 14.Be2 O-O 15.h3 Re8 16.b3 Ne4
17.Qb4 f5 18.d6 h6 19.Rfd1 Kh7 20.c4 bxc4 21.Bxc4 a5 22.Qe1 Nb6 23.Bxb6 Qxb6
24.d7 Red8 25.Bd5 Ra7 26.Bxe4 fxe4 27.Nd2 Raxd7 28.Nxe4 Qxb3 29.Rxd7 Rxd7
30.Qxa5 Rd1+ 31.Rxd1 Qxd1+ 32.Kh2 Qc1 33.Qd5 Qf4+ 34.g3 Qf8 35.Kg2 Qe7 36.Nc5 Bf8
37.Ne6 Bg7 38.Nc5 Bf8 39.Ne4 Bg7 40.h4 Bf6 41.Qd7 Kg7 42.Qc6 Kf7 43.Kf3 Qa3+
44.Ke2 Qa2+ 45.Kf1 Be7 46.Kg2 Qe6 47.Qb7 Kg8 48.Qb5 Kf7 49.Qd3 Qc6 50.Qf3+ Kg7
51.Kh2 Qe6 52.Nc3 Bc5 53.Ne4 Be7 54.Qd3 Kf7 55.Qb5 Kg7 56.Qb7 Kg8 57.Kg2 Kf8
58.Nc3 Kg8 59.Qe4 Kg7 60.Nd5 Bd6 61.Ne3 Be7 62.Nc4 Bf6 63.f4 Qa6 64.fxe5 Be7
65.e6 Qa2+ 66.Kh3 Qa1 67.Kg2 Qa2+ 68.Kf3 Qa1 69.Ke2 Qa2+ 70.Kd3 Qb3+ 71.Ke2 Qxg3
72.Ne5  1/2-1/2

[Event "5th Amplico AIG Life"]
[Site "Warsaw POL"]
[Date "2005.12.17"]
[Round "7"]
[White "Deviatkin,A"]
[Black "Papin,V"]
[Result "1-0"]
[WhiteElo "2528"]
[BlackElo "2425"]

1.e4 g6 2.d4 Bg7 3.Nc3 d6 4.Be3 Nd7 5.Nf3 a6 6.Bc4 e6 7.a4 Ne7 8.Qd2 h6 9.O-O Kf8
10.h3 Kg8 11.Nh2 Kh7 12.Ng4 Qf8 13.a5 b5 14.axb6 cxb6 15.Qe2 Nb8 16.d5 f5
17.exf5 exf5 18.Nh2 Qd8 19.Nf3 Bb7 20.Nd4 b5 21.Ne6 Qc8 22.Bb3 Bf6 23.Qd2 Ng8
24.Bd4 Nd7 25.Rfe1 Bxd4 26.Qxd4 Ngf6 27.Qf4 Qb8 28.Ne2 Bxd5 29.N2d4 Bxb3
30.cxb3 d5 31.Nc7 Rg8 32.Re7+ Rg7 33.Rxg7+ Kxg7 34.Nde6+ Kf7 35.Qxh6 Qh8
36.Ng5+ Ke7 37.Qxg6 Rg8 38.Qxf5 Kd6 39.Rc1 Nb8 40.Ra1 b4  1-0

[Event "5th Amplico AIG Life"]
[Site "Warsaw POL"]
[Date "2005.12.18"]
[Round "10"]
[White "Fedorchuk,S"]
[Black "Petran,Pe"]
[Result "1-0"]
[WhiteElo "2564"]
[BlackElo "2342"]

1.e4 g6 2.d4 Bg7 3.Nc3 d6 4.Be3 c6 5.Nf3 b5 6.Bd3 Nd7 7.O-O a6 8.a4 Bb7 9.Ne2 Ngf6
10.Ng3 O-O 11.h3 e5 12.c3 Re8 13.Re1 Nb6 14.dxe5 dxe5 15.a5 Nbd7 16.b4 Qe7
17.Qb3 c5 18.c4 bxc4 19.Bxc4 cxb4 20.Ra4 Nxe4 21.Nxe4 Bxe4 22.Ng5 Bc6 23.Bxf7+ Kh8
24.Bxe8 Bxa4 25.Nf7+ Qxf7 26.Qxf7  1-0

[Event "12th Open"]
[Site "Zadar CRO"]
[Date "2005.12.18"]
[Round "9"]
[White "Dabo Peranic,R"]
[Black "Skoberne,J"]
[Result "0-1"]
[WhiteElo "2262"]
[BlackElo "2308"]

1.e4 g6 2.d4 Bg7 3.Nc3 d6 4.f4 a6 5.Nf3 b5 6.Bd3 Nd7 7.e5 Bb7 8.Be4 Rb8 9.Qe2 Nb6
10.e6 f5 11.Bxb7 Rxb7 12.Ng5 Nh6 13.Be3 O-O 14.h3 Nc4 15.Nd1 d5 16.O-O Rb6
17.b3 Nd6 18.Nf2 Kh8 19.Nd3 Ng8 20.Ne5 Nf6 21.c4 bxc4 22.bxc4 dxc4 23.Ngf7+ Nxf7
24.Nxf7+ Rxf7 25.exf7 Nd5 26.Bf2 c3 27.Qc4 Rd6 28.Rab1 Bf6 29.Rb7 Kg7 30.Rc1 Qd7
31.Kh1 Rc6 32.Qa4 Kxf7 33.Ra7 Qd6 34.g3 Kg7 35.Rb7 h5 36.Rb8 Nb6 37.Qb3 Qd5+
38.Qxd5 Nxd5 39.h4 e6 40.Kg2 Be7 41.Rb3 a5 42.Rb5 Ba3 43.Rxd5 Bxc1 44.Rd7+ Kf8
45.d5 exd5 46.Rxd5 c2  0-1

[Event "Harmonie Open A"]
[Site "Groningen NED"]
[Date "2005.12.24"]
[Round "2"]
[White "Cako,L"]
[Black "Pel,B"]
[Result "0-1"]
[WhiteElo "2193"]
[BlackElo "2350"]

1.e4 g6 2.d4 d6 3.Nc3 Bg7 4.Be3 Nf6 5.h3 c6 6.f4 Nbd7 7.Nf3 Qa5 8.Bd3 e5
9.O-O O-O 10.Qe1 exd4 11.Nxd4 Nc5 12.Be2 Nfxe4 13.f5 Nxc3 14.bxc3 Re8 15.fxg6 fxg6
16.Nb3 Nxb3 17.Bc4+ Kh8 18.axb3 Qxc3 19.Qxc3 Bxc3 20.Rxa7 Rxa7 21.Bxa7 Bf5
22.Rf3 Bg7 23.Bd3 Bxd3 24.Rxd3 Re6 25.Bd4 Bxd4+ 26.Rxd4 Kg7 27.Kf2 Kf6 28.Kf3 d5
29.g3 Re1 30.Kf2 Re4 31.Rd1 Ke5 32.c3 d4 33.cxd4+ Rxd4 34.Re1+ Kd6 35.Re3 b5
36.Re8 Rd2+ 37.Ke3 Rb2 38.Rh8 Rxb3+ 39.Kf4 c5 40.Rxh7 c4 41.Rh6 c3 42.Rxg6+ Kd5
43.Ke3 c2+ 44.Kd2 Rc3 45.Kc1 b4 46.Rb6 b3 47.Rb5+ Kc4 48.Rb8 Rxg3 49.Rc8+ Kd5
50.h4 Rg1+  0-1

[Event "Czech Chess Christmas"]
[Site "Litomysl CZE"]
[Date "2005.12.26"]
[Round "1"]
[White "Skinke,K"]
[Black "Vokac,M"]
[Result "0-1"]
[WhiteElo "2064"]
[BlackElo "2445"]

1.e4 g6 2.d4 Bg7 3.Nc3 d6 4.f4 a6 5.Nf3 b5 6.a4 b4 7.Nd5 a5 8.Bd3 Bb7 9.c4 Nc6
10.Bc2 e6 11.Ne3 Nf6 12.O-O O-O 13.Re1 e5 14.fxe5 dxe5 15.d5 Nd4 16.Nxe5 Nxc2
17.Nxc2 Re8 18.Nf3 Nxe4 19.Ncd4 Qd7 20.Bf4 c6 21.dxc6 Bxc6 22.Nxc6 Qxc6 23.Qc2 Nc5
24.Be5 Bxe5 25.Nxe5 Qf6 26.Nf3 b3 27.Rxe8+ Rxe8 28.Qd2 Ne4 29.Qd7 Qb6+ 30.Qd4 Qxd4+
31.Nxd4 Nc5 32.Nc6 Re2 33.Rb1 Nxa4 34.Nxa5 Nc5 35.Nc6 Rc2 36.Ne5 Kg7 37.Nf3 Rxc4
38.Ne1 h5 39.Kf2 h4 40.Ke3 g5 41.Kd2 Kg6 42.Ra1 Rf4 43.Ra5 Rf5 44.Ra8 Rf2+
45.Kc3 Re2 46.Nf3 f6 47.Kb4 Ne6 48.Kxb3 h3 49.Ng1 Re3+ 50.Kc4 hxg2 51.Ra1 Nf4
52.b4 Re4+ 53.Kb3 Nd5 54.Ra2 Rxb4+ 55.Ka3 Rg4 56.Rf2 Nf4 57.Kb2 Rh4  0-1

[Event "14th Donau Open"]
[Site "Aschach AUT"]
[Date "2005.12.27"]
[Round "2"]
[White "Rogulj,B"]
[Black "Bachmayer,J"]
[Result "1-0"]
[WhiteElo "2393"]
[BlackElo "2176"]

1.e4 g6 2.d4 Bg7 3.Nc3 d6 4.f4 c6 5.Nf3 d5 6.e5 Bg4 7.h3 Bxf3 8.Qxf3 e6 9.g4 Qh4+
10.Qf2 Qxf2+ 11.Kxf2 h5 12.Rg1 hxg4 13.hxg4 Ne7 14.Bd3 Bf8 15.Be3 Nd7 16.Rh1 Rxh1
17.Rxh1 Bg7 18.Ne2 O-O-O 19.f5 exf5 20.gxf5 Nxf5 21.Bxf5 gxf5 22.Rh7 Rg8
23.Ng3 Nf8 24.Rh5 f4 25.Bxf4 Ne6 26.Be3 Rh8 27.Rf5 Rh2+ 28.Kf3 Bh6 29.c3 Bxe3
30.Kxe3 Rh3 31.Kf3 c5 32.dxc5 Rh2 33.Ne2 d4 34.Nxd4 Rxb2 35.Ke3 Nd8 36.Rf2 Rxf2
37.Kxf2 Kd7 38.Ke3 Ke7 39.Ke4 f6 40.exf6+ Kxf6 41.Kd5 a6 42.Kd6  1-0

[Event "Open A"]
[Site "Bethune FRA"]
[Date "2005.12.27"]
[Round "3"]
[White "Draoui,N"]
[Black "Foisor,S"]
[Result "0-1"]
[WhiteElo "2368"]
[BlackElo "2220"]

1.e4 g6 2.d4 Bg7 3.Nc3 d6 4.Be3 a6 5.Qd2 Nd7 6.f3 b5 7.a4 b4 8.Nd1 Rb8 9.Bc4 c6
10.a5 Qc7 11.Qd3 c5 12.c3 bxc3 13.bxc3 Ngf6 14.Ne2 O-O 15.O-O Bb7 16.Bxa6 Bxa6
17.Qxa6 Ra8 18.Qb5 Rfb8 19.Qa4 Ra6 20.Bd2 Rba8 21.c4 cxd4 22.Rb1 Nc5 23.Qb5 Nfd7
24.Qb2 d3 25.Nd4 Na4 26.Qa1 Qxc4 27.Rb4 Bxd4+ 28.Qxd4 Qxd4+ 29.Rxd4 Nac5
30.Nf2 Nb3 31.Rb4 Nxd2 32.Rd1 Rxa5 33.Rxd2 Ra1+ 34.Nd1 Nc5 35.Rbb2 f5 36.exf5 gxf5
37.Kf2 Kf7 38.Ne3 e6 39.Nc4 R8a6 40.Rb5 Ke7 41.Rb8 Ra8 42.Rbb2 Rh1 43.Rb6 f4  0-1

[Event "Czech Chess Christmas"]
[Site "Litomysl CZE"]
[Date "2005.12.27"]
[Round "2"]
[White "Urbanec,L"]
[Black "Van Nieuwenhuize,H"]
[Result "1-0"]
[WhiteElo "2260"]
[BlackElo "1843"]

1.e4 g6 2.d4 Bg7 3.Nc3 d6 4.Be3 Nf6 5.Qd2 O-O 6.Bh6 e5 7.dxe5 dxe5 8.O-O-O Qxd2+
9.Bxd2 b6 10.Nf3 Bb7 11.Bd3 Nbd7 12.Rhe1 a6 13.Bg5 b5 14.Bxf6 Bxf6 15.Bxb5 axb5
16.Rxd7 b4 17.Rxc7 Rfb8 18.Nd5 Bd8 19.Rd7 Rxa2 20.Kb1 b3 21.cxb3 Ra5 22.Nxe5 Ba6
23.b4 Ra4 24.b3  1-0

[Event "Master Open"]
[Site "Zurich SUI"]
[Date "2005.12.27"]
[Round "2"]
[White "Muheim,L"]
[Black "Warakomski,T"]
[Result "0-1"]
[WhiteElo "2124"]
[BlackElo "2396"]

1.e4 g6 2.d4 Bg7 3.Nc3 d6 4.Be3 c6 5.Qd2 b5 6.f3 Qc7 7.Nge2 Nd7 8.g4 Nb6
9.b3 a5 10.Bg2 h5 11.g5 e6 12.f4 Ne7 13.O-O Bb7 14.h4 b4 15.Nd1 c5 16.Rc1 Nd7
17.c3 O-O 18.d5 exd5 19.f5 bxc3 20.Ndxc3 Bxc3 21.Qxc3 dxe4 22.fxg6 fxg6 23.Nf4 Nd5
24.Qc4 Nb6 25.Nxd5 Nxc4 26.Nxc7 Nxe3 27.Nxa8 Nxf1 28.Nb6 Ne3 29.Nd7 Rf4  0-1

[Event "14th Donau Open"]
[Site "Aschach AUT"]
[Date "2005.12.28"]
[Round "4"]
[White "Priborsky,I"]
[Black "Lau,Ra"]
[Result "0-1"]
[WhiteElo "2288"]
[BlackElo "2467"]

1.e4 g6 2.d4 Bg7 3.Nc3 d6 4.f4 c6 5.Nf3 Bg4 6.Be3 Qb6 7.Qd2 Bxf3 8.gxf3 Nd7
9.O-O-O Qa5 10.Kb1 O-O-O 11.h4 Ngf6 12.Bh3 Kb8 13.f5 Nh5 14.Qd3 Ndf6 15.Ne2 Rde8
16.Rhf1 Ka8 17.c3 Rhf8 18.Bg1 gxf5 19.Bxf5 e6 20.Bh3 Bh6 21.Bh2 Rd8 22.Qc2 Rh8
23.Rg1 Qc7 24.e5 Nd5 25.Qe4 Ne3 26.exd6 Qd7 27.Qd3 Nxd1 28.Qxd1 Bf8 29.Rg5 h6
30.Rxh5 f5 31.Be5 Rg8 32.Qd2 Bxd6 33.Bxd6 Qxd6 34.Rxh6 Qh2 35.Bf1 Qf2 36.Qc1 Rde8
37.Rh7 Qxf3 38.a3 Rh8 39.Rxh8 Rxh8 40.Ka2 Rxh4 41.Qg5 Qd5+ 42.Ka1 Rg4 43.Qh6 a5
44.Nc1 Ka7 45.Bd3 Rg1 46.Bb1 Qf3 47.Nd3 Qe4 48.Qd2 f4 49.Ka2 Qe3 50.Qc2 Qe4
51.Qa4  0-1

[Event "8th Open ch-Bajmok"]
[Site "Bajmok SCG"]
[Date "2005.12.28"]
[Round "4"]
[White "Halasi,J"]
[Black "Vidic,S"]
[Result "1/2-1/2"]
[WhiteElo "2144"]
[BlackElo "2267"]

1.e4 d6 2.d4 g6 3.Nc3 Bg7 4.Nf3 Nf6 5.Bc4 O-O 6.Qe2 Nfd7 7.h4 Nb6 8.Bb3 Bg4
9.Be3 Nc6 10.Qd2 e5 11.d5 Na5 12.Qd3 Nxb3 13.axb3 h6 14.Nd2 Bd7 15.Qe2 f5
16.f3 c6 17.Nc4 Nxc4 18.bxc4 c5 19.Qd2 Kh7 20.h5 g5 21.exf5 Bxf5 22.g4 Bd7
23.Rf1 Kg8 24.Ne4 Qe7 25.Qa5 b6 26.Qa6 Bc8 27.Qb5 Bb7 28.Ke2 Qc7 29.Qb3 a6
30.Qd3 Qe7  1/2-1/2

[Event "Open A"]
[Site "Bethune FRA"]
[Date "2005.12.28"]
[Round "5"]
[White "Gharamian,T"]
[Black "Foisor,S"]
[Result "1/2-1/2"]
[WhiteElo "2416"]
[BlackElo "2220"]

1.e4 g6 2.d4 Bg7 3.Nc3 d6 4.f4 a6 5.a4 b6 6.Nf3 c5 7.d5 Bg4 8.Bc4 Nd7 9.O-O Ngf6
10.Qe2 Qc8 11.Qe1 Bxf3 12.Rxf3 O-O 13.Bd2 Ne8 14.Rh3 Ndf6 15.Kh1 Nc7 16.Be2 e6
17.Qh4 h6 18.e5 Nh7 19.Ne4 dxe5 20.fxe5 Qd8 21.Qg3 exd5 22.Nf6+ Nxf6 23.exf6 Qxf6
24.Qxc7 Qxb2 25.Rc1 Rae8 26.Bf1 Re4 27.Rb3 Qd4 28.Rd3 Qf2 29.Qg3 Qxg3 30.hxg3 Re5
31.Rf3 c4 32.g4 Re4 33.Be3 d4 34.Bf2 b5 35.axb5 axb5 36.Rb1 Rxg4 37.Rxb5 d3
38.cxd3 c3 39.Rc5 Ra8 40.Rc7 f5 41.Kg1 Ra1 42.Re3 Kf8 43.Rc8+ Kf7 44.Rc7+ Kf8
45.Re6 Bd4 46.Rd6 Bxf2+ 47.Kxf2 Ke8 48.Be2 Ra2 49.Rxc3 Rf4+ 50.Kg3 g5 51.Bf3 Rh4
52.Bc6+ Ke7 53.Rd7+ Kf6 54.d4 Rg4+ 55.Kh2 h5 56.Rd6+ Ke7 57.Rd7+ Kf6 58.Rc1 Rd2
59.Rc4 Rh4+ 60.Kg1 g4 61.g3 Rh3 62.Rc3 h4 63.Rd6+ Ke7 64.Rd7+ Kf6 65.Rd6+ Ke7
66.Rd7+  1/2-1/2

[Event "Master Open"]
[Site "Zurich SUI"]
[Date "2005.12.28"]
[Round "4"]
[White "Habu,Y"]
[Black "Tischbierek,R"]
[Result "1-0"]
[WhiteElo "2341"]
[BlackElo "2466"]

1.e4 g6 2.d4 d6 3.Nc3 Bg7 4.Be3 a6 5.Qd2 b5 6.a4 b4 7.Nd1 a5 8.c3 bxc3 9.bxc3 Nf6
10.f3 Ba6 11.Bxa6 Nxa6 12.Ne2 O-O 13.O-O c5 14.Nf2 cxd4 15.cxd4 Nb4 16.Rfc1 d5
17.e5 Nd7 18.Bh6 Qb6 19.Bxg7 Kxg7 20.Ng4 Rfc8 21.Qh6+ Kg8 22.Qh4 f6 23.Kh1 Rc2
24.Rxc2 Nxc2 25.Rc1 Nb4 26.Nf4 g5 27.Nh6+ Kh8 28.Qg4 Nf8 29.h4  1-0

[Event "14th Donau Open"]
[Site "Aschach AUT"]
[Date "2005.12.29"]
[Round "5"]
[White "Butunoi,A"]
[Black "Grunberg,M"]
[Result "1-0"]
[WhiteElo "2418"]
[BlackElo "2409"]

1.e4 g6 2.d4 Bg7 3.Nc3 d6 4.Be3 a6 5.g3 b5 6.Bg2 Bb7 7.Nge2 Nf6 8.O-O Ng4
9.Bg5 h6 10.Bd2 c5 11.d5 O-O  1-0

[Event "21st Post Open"]
[Site "Duesseldorf GER"]
[Date "2005.12.29"]
[Round "5"]
[White "Kienitz,A"]
[Black "Malykin,V"]
[Result "0-1"]
[WhiteElo "2185"]
[BlackElo "2375"]

1.e4 g6 2.d4 Bg7 3.Nc3 d6 4.Nf3 a6 5.Be3 b5 6.Bd3 Nd7 7.a4 b4 8.Ne2 Bb7 9.Qd2 a5
10.c3 bxc3 11.bxc3 Ngf6 12.Bh6 O-O 13.Bxg7 Kxg7 14.Ng3 e5 15.O-O Re8 16.Rfe1 Ba6
17.Bxa6 Rxa6 18.Rab1 Rb6 19.Rb5 Rxb5 20.axb5 a4 21.c4 Qa8 22.dxe5 dxe5 23.Ra1 Qa7
24.Qg5 a3 25.Qc1 Ra8 26.Qc3 Ng4 27.Qd2 Ngf6 28.h3 Qc5 29.Qc3 Ra4 30.Nd2 h5
31.Ngf1 Ne8 32.Ne3 Nd6 33.f3 Nxb5 34.Qd3 Nd4 35.Kh2 Nb6 36.Ra2 Qb4 37.Nc2 Nxc2
38.Qxc2 Qc5 39.Qc3 f6 40.Qb3 h4 41.Qd3 Qd4 42.Qb3 Qc5 43.Qd3 Ra8 44.Kh1 Kf7
45.Kh2 Ke7 46.Qb3 Ke8 47.Qc3 Ke7 48.Qb3 Ra4 49.Rc2 Qb4 50.Qa2 c5 51.Kg1 Ra7
52.Kf2 Rd7 53.Ke2 Rd4 54.Rc1 Qb2 55.Rc2 Qxa2 56.Rxa2 f5 57.exf5 gxf5 58.Rxa3 Rxd2+  0-1

[Event "Harmonie Invitation"]
[Site "Groningen NED"]
[Date "2005.12.29"]
[Round "8"]
[White "Ris,R"]
[Black "Adly,A"]
[Result "0-1"]
[WhiteElo "2337"]
[BlackElo "2480"]

1.e4 g6 2.d4 Bg7 3.Nc3 d6 4.f4 e6 5.Nf3 Ne7 6.Be3 a6 7.Bd3 b5 8.Qe2 Nd7 9.e5 Bb7
10.O-O Nb6 11.Rae1 Nbd5 12.Nxd5 Nxd5 13.Bd2 Ne7 14.Qf2 Qb8 15.c3 Bd5 16.b3 Qb7
17.Ng5 Qc6 18.h3 h5 19.Rc1 Qd7 20.c4 bxc4 21.bxc4 Bc6 22.d5 exd5 23.e6 fxe6
24.Rce1 dxc4 25.Bxc4 Bd5 26.Bxd5 exd5 27.Ne6 Bf6 28.Qg3 Kf7 29.f5 Nxf5 30.Ng5+ Kg7
31.Qd3 Rhe8 32.Qxd5 Bxg5 33.Bxg5 Rxe1 34.Rxe1 Re8 35.Rf1 Qb5 36.Qd2 Qc5+
37.Kh2 Re4 38.Rc1 Qe5+ 39.Kg1 c5 40.Qa5 Qg3 41.Qc7+ Re7 42.Bxe7 Qe3+ 43.Kh2 Qf4+  0-1

[Event "Master Open"]
[Site "Zurich SUI"]
[Date "2005.12.29"]
[Round "6"]
[White "Kamber,B"]
[Black "Vianin,P"]
[Result "1-0"]
[WhiteElo "2315"]
[BlackElo "2183"]

1.e4 g6 2.d4 Bg7 3.Nc3 d6 4.Be3 a6 5.Nf3 b5 6.Bd3 Nd7 7.O-O Bb7 8.Re1 c5
9.a4 b4 10.Nd5 e6 11.Bf4 Nb6 12.dxc5 Nxd5 13.exd5 Bxd5 14.Bxd6 Ne7 15.Ne5 Nc8
16.Bc4 Bxc4 17.Nxc4 Nxd6 18.Nxd6+ Ke7 19.Qf3 Rf8 20.Rad1 Qb8 21.c6 Ra7 22.Nb7 Be5
23.Rd7+ Ke8 24.Rxe5 Rxb7 25.Qd5  1-0

[Event "8th Hilton Schachfestival"]
[Site "Basel SUI"]
[Date "2006.01.01"]
[Round "1"]
[White "Bhend,E"]
[Black "Recker,U"]
[Result "1-0"]
[WhiteElo "2271"]
[BlackElo "1998"]

1.e4 d6 2.d4 g6 3.Nc3 Bg7 4.f4 Nf6 5.Nf3 O-O 6.Bd3 c6 7.e5 Nd5 8.O-O Na6
9.Nxd5 cxd5 10.c3 b6 11.Qe1 f6 12.Qg3 Nc7 13.Bd2 Qd7 14.exd6 Qxd6 15.Rae1 e6
16.Re2 Bd7 17.Be1 Rac8 18.h4 Bb5 19.Bxb5 Nxb5 20.h5 Qd7 21.hxg6 h6 22.f5 exf5
23.Nh4 Nd6 24.Qf3 Ne4 25.Qxf5 Qxf5 26.Nxf5 Rcd8 27.Ne7+ Kh8 28.Nxd5  1-0

[Event "8th Hilton Schachfestival"]
[Site "Basel SUI"]
[Date "2006.01.02"]
[Round "2"]
[White "Meier,F"]
[Black "Ditzler,J"]
[Result "1-0"]
[WhiteElo "2062"]
[BlackElo "2151"]

1.e4 g6 2.d4 Bg7 3.Nc3 d6 4.Be3 a6 5.a4 Nd7 6.Qd2 e6 7.Nf3 Ne7 8.Be2 b6 9.Bh6 O-O
10.h4 Nf6 11.h5 gxh5 12.Bxg7 Kxg7 13.g4 h6 14.g5 hxg5 15.Qxg5+ Ng6 16.O-O-O Rh8
17.Rdg1 Bb7 18.d5 exd5 19.Nd4 dxe4 20.Ne6+ fxe6 21.Qxg6+ Kf8 22.Qg7+ Ke8
23.Qxh8+ Kd7 24.Rg7+ Kc6 25.Qh6 Qf8 26.Rhg1 Ne8 27.Bb5+ axb5 28.axb5+ Kc5
29.Qe3+ Kc4 30.b3+ Kb4 31.Qd4+ Ka3  1-0

[Event "10th Open"]
[Site "Bad Zwesten GER"]
[Date "2006.01.03"]
[Round "3"]
[White "Geske,J"]
[Black "Rehbein,U"]
[Result "1-0"]
[WhiteElo "2077"]
[BlackElo "1875"]

1.e4 g6 2.d4 Bg7 3.Nc3 d6 4.f4 c5 5.dxc5 Nc6 6.cxd6 exd6 7.Bd3 Nf6 8.Be3 Ng4
9.Qd2 Nxe3 10.Qxe3 O-O 11.Nge2 Re8 12.Qf2 Qa5 13.O-O Be6 14.Kh1 Rad8 15.Rad1 Bg4
16.Rde1 a6 17.f5 gxf5 18.exf5 Bxe2 19.Rxe2 Rxe2 20.Bxe2 Be5 21.f6 Nd4 22.Qh4 Ne6
23.Bd3 Nf8 24.Qh6  1-0

[Event "Masters"]
[Site "Hastings ENG"]
[Date "2006.01.04"]
[Round "8"]
[White "Hegarty,S"]
[Black "Gilbert,Je"]
[Result "1-0"]
[WhiteElo "1892"]
[BlackElo "2148"]

1.e4 g6 2.d4 Bg7 3.Nc3 d6 4.Nf3 a6 5.Be3 b5 6.Bd3 Bb7 7.a4 b4 8.Ne2 Nf6 9.Ng3 Nbd7
10.O-O c5 11.Qd2 Ng4 12.Bg5 h6 13.Be3 Nxe3 14.Qxe3 cxd4 15.Nxd4 Qb6 16.c3 O-O
17.Be2 Qc5 18.Rfd1 bxc3 19.bxc3 Nb6 20.Rab1 Rab8 21.Rb4 Nd7 22.Rdb1 Qc7 23.h4 Nc5
24.h5 e5 25.Nf3 a5 26.R4b2 Nxa4 27.Rc2 Ba8 28.Ra1 Nc5 29.Rca2 a4 30.Ne1 Bc6
31.Bc4 Kh7 32.Nc2 Nb3 33.Rd1 Bf6 34.Nb4 Bg5 35.Qe1 Bd7 36.Bd5 Nc5 37.Qe2 Bb5
38.Qf3 Rbc8 39.Nf1 Ne6 40.Ra3 Nf4 41.Ng3 Bh4 42.c4 Bd7 43.Kh2 Qc5 44.Rb1 Qa5
45.hxg6+ fxg6 46.Qd1 Nxd5 47.Nxd5 Qc5 48.Rb7 Qc6 49.Rb6 Qc5 50.Rb7 Rf7 51.Rf3 Rcf8
52.Rxd7 Rxd7 53.Rxf8 a3 54.Qg4 Ra7 55.Qe6 Rg7 56.Qe8  1-0

[Event "Open"]
[Site "Verona ITA"]
[Date "2006.01.04"]
[Round "4"]
[White "Caruso,Au"]
[Black "De Santis,A"]
[Result "1/2-1/2"]
[WhiteElo "2244"]
[BlackElo "2331"]

1.Nc3 g6 2.e4 Bg7 3.d4 d6 4.Bc4 e6 5.Nf3 Ne7 6.h4 h6 7.Be3 a6 8.Qd2 b5 9.Bd3 Bb7
10.a4 b4 11.Ne2 a5 12.c3 bxc3 13.bxc3 Nd7 14.Rb1 Bc6 15.Qa2 Rb8 16.O-O Rxb1
17.Rxb1 Qa8 18.Ng3 O-O 19.c4 Nf6 20.d5 Bd7 21.Bd4 Rb8 22.Bc2 Rxb1+  1/2-1/2

[Event "10th Open"]
[Site "Bad Zwesten GER"]
[Date "2006.01.06"]
[Round "7"]
[White "Hoolt,S"]
[Black "Fink,L"]
[Result "1/2-1/2"]
[WhiteElo "2144"]
[BlackElo "1995"]

1.Nc3 g6 2.e4 Bg7 3.d4 d6 4.f4 Nd7 5.Nf3 c5 6.Be3 Qa5 7.Be2 Ngf6 8.O-O Ng4
9.Bd2 cxd4 10.Nd5 Qd8 11.Ng5 Ngf6 12.Nxf6+ Bxf6 13.Bc4 O-O 14.Qe1 Bxg5 15.fxg5 Ne5
16.Bb3 a5 17.a4 d3 18.Bc3 Qb6+ 19.Kh1 dxc2 20.Bxc2 Be6 21.Qh4 Rac8 22.Bd1 Bc4
23.Rf2 f6 24.Be2 Bxe2 25.Rxe2 Qa6 26.Ree1 Rf7  1/2-1/2

[Event "4th I.Platonov Mem"]
[Site "Kyiv UKR"]
[Date "2006.01.11"]
[Round "4"]
[White "Vysochin,S"]
[Black "Moliboga,V"]
[Result "1-0"]
[WhiteElo "2551"]
[BlackElo "2322"]

1.e4 g6 2.d4 Bg7 3.Nc3 d6 4.f4 c6 5.h3 e5 6.dxe5 Qh4+ 7.Ke2 dxe5 8.Nf3 Qe7
9.Nxe5 Nf6 10.Kf2 Nbd7 11.Nxd7 Bxd7 12.e5 Nh5 13.Ne4 O-O 14.Qd6 Qe8 15.g4 f5
16.Nc5 fxg4 17.Qxd7 Qxe5 18.Qe6+ Kh8 19.Qxe5 Bxe5 20.Ne6 g5 21.Kg2 Rf6 22.fxe5 Rxe6
23.Bc4  1-0

[Event "TCh-AUT 2005-6"]
[Site "Austria AUT"]
[Date "2006.01.12"]
[Round "4"]
[White "Kuba,G"]
[Black "Kleissl,H"]
[Result "1/2-1/2"]
[WhiteElo "2406"]
[BlackElo "2299"]

1.e4 g6 2.d4 Bg7 3.Nc3 d6 4.Be3 a6 5.f4 b5 6.Be2 b4 7.Na4 Bb7 8.Bf3 Nf6 9.e5 Nd5
10.Bd2 Qc8 11.Ne2 Nd7 12.O-O O-O 13.c4 bxc3 14.bxc3 N5b6 15.Nb2 c5 16.Ng3 Bxf3
17.Qxf3 Qc7 18.Be3 cxd4 19.cxd4 Qc3 20.Rab1 dxe5 21.dxe5 Rac8 22.Ne4 Qa5  1/2-1/2

[Event "TCh-AUT 2005-6"]
[Site "Austria AUT"]
[Date "2006.01.14"]
[Round "6"]
[White "Sommerbauer,N"]
[Black "Kleissl,H"]
[Result "1-0"]
[WhiteElo "2452"]
[BlackElo "2299"]

1.e4 g6 2.d4 Bg7 3.Nc3 d6 4.Be3 a6 5.f4 b5 6.Bd3 Bb7 7.Nf3 Nd7 8.e5 c5 9.Be4 Bxe4
10.Nxe4 Nh6 11.c3 cxd4 12.Bxd4 dxe5 13.fxe5 O-O 14.e6 fxe6 15.Qb3 Bxd4 16.Nxd4 Qb6
17.O-O-O Kh8 18.Qxe6 Qb7 19.Nb3 Nf6 20.Nbc5 Qc7 21.g3 Nf5 22.Rhe1 Ng7 23.Qb3 Nxe4
24.Nxe4 Qc4 25.Qxc4 bxc4 26.Rd7 Nf5 27.Nd2 h5 28.Nxc4 Rab8 29.Rd2 Rf6 30.Ne3 Rb7
31.Nxf5 gxf5 32.Rde2 Rf7 33.Re6 a5 34.Rh6+  1-0

[Event "4th Parsvnath Open"]
[Site "New Delhi IND"]
[Date "2006.01.16"]
[Round "3"]
[White "Hasan,Me"]
[Black "Dzhumaev,M"]
[Result "0-1"]
[WhiteElo "2349"]
[BlackElo "2516"]

1.e4 g6 2.d4 Bg7 3.Nc3 d6 4.Be3 Nd7 5.Qd2 c6 6.Nf3 Qc7 7.Bd3 e5 8.O-O Ngf6
9.h3 O-O 10.Ne2 d5 11.Ng3 dxe4 12.dxe5 exf3 13.exf6 Nxf6 14.Bh6 fxg2 15.Kxg2 Qd7
16.Rh1 Qd5+ 17.f3 Be6 18.Bxg7 Kxg7 19.Qc3 Rad8 20.h4 Qd4 21.Qxd4 Rxd4 22.h5 Rfd8
23.a3 Nd7 24.hxg6 hxg6 25.Ne4 Bf5 26.Nf2 Bxd3 27.Nxd3 c5 28.b3 c4 29.bxc4 Rxc4
30.Rhc1 Rdc8 31.Ra2 Rc3 32.Ne1 Ne5 33.Rb1 b6 34.Rb3 R3c5 35.a4 Nc6 36.Kg3 Nd4
37.Rbb2 Re8 38.Nd3 Rg5+  0-1

[Event "4th Parsvnath Open"]
[Site "New Delhi IND"]
[Date "2006.01.16"]
[Round "3"]
[White "Lahiri,A"]
[Black "Murshed,N"]
[Result "1/2-1/2"]
[WhiteElo "2317"]
[BlackElo "2460"]

1.e4 g6 2.d4 Bg7 3.Nc3 d6 4.Be3 c6 5.Qd2 b5 6.Bd3 a6 7.f4 Nd7 8.Nf3 Bb7 9.e5 Nh6
10.O-O-O Qa5 11.Kb1 O-O-O 12.Rhe1 Kb8 13.Bf2 c5 14.exd6 exd6 15.Bh4 Rc8 16.Be7 cxd4
17.Ne4 Qxd2 18.Rxd2 Bxe4 19.Bxd6+ Ka7 20.Bxe4 Rhe8 21.Rde2 Kb6 22.Bd3 Rxe2
23.Rxe2 Rc6 24.Bb4 a5 25.Bd2 Nc5 26.Re8 Nxd3 27.cxd3 b4 28.Ng5 Rc7 29.Nxh7 Ng4
30.Re2 Nxh2 31.Ng5 Ng4 32.Nf3  1/2-1/2